Analysis of the effect exerted by the initial temperature of atomized water on the integral characteristics of its; Journal of Engineering Physics and Thermophysics; Vol. 87, iss. 9
| Parent link: | Journal of Engineering Physics and Thermophysics.— , 1965- Vol. 87, iss. 9.— 2014.— [P. 450-458] |
|---|---|
| Hovedforfatter: | |
| Institution som forfatter: | |
| Andre forfattere: | , |
| Summary: | Title screen We have carried out an experimental investigation of the integral characteristics of atomized water evaporation during its motion through high-temperature combustion products using a flame of fixed height as an example and a high-response measurement system of two-phase vapor-liquid flow diagnostics. The scales of the influence of the initial liquid temperature on the intensity of phase transition in the region of the combustion zone at different atomization parameters have been established. Approximate relations for the dependences of the evaporated fraction of atomized liquid on its initial temperature and droplet size have been formulated. |
| Sprog: | engelsk |
| Udgivet: |
2014
|
| Fag: | |
| Online adgang: | http://dx.doi.org/10.1007/s10891-014-1031-3 |
| Format: | MixedMaterials Electronisk Book Chapter |
| KOHA link: | https://koha.lib.tpu.ru/cgi-bin/koha/opac-detail.pl?biblionumber=649395 |
MARC
| LEADER | 00000naa0a2200000 4500 | ||
|---|---|---|---|
| 001 | 649395 | ||
| 005 | 20250305094257.0 | ||
| 035 | |a (RuTPU)RU\TPU\network\14557 | ||
| 035 | |a RU\TPU\network\14556 | ||
| 090 | |a 649395 | ||
| 100 | |a 20160708d2014 k||y0rusy50 ba | ||
| 101 | 0 | |a eng | |
| 102 | |a US | ||
| 135 | |a drnn ---uucaa | ||
| 181 | 0 | |a i | |
| 182 | 0 | |a b | |
| 200 | 1 | |a Analysis of the effect exerted by the initial temperature of atomized water on the integral characteristics of its |f R. S. Volkov, G. V. Kuznetsov, P. A. Strizhak | |
| 203 | |a Text |c electronic | ||
| 300 | |a Title screen | ||
| 320 | |a [References: 34 tit.] | ||
| 330 | |a We have carried out an experimental investigation of the integral characteristics of atomized water evaporation during its motion through high-temperature combustion products using a flame of fixed height as an example and a high-response measurement system of two-phase vapor-liquid flow diagnostics. The scales of the influence of the initial liquid temperature on the intensity of phase transition in the region of the combustion zone at different atomization parameters have been established. Approximate relations for the dependences of the evaporated fraction of atomized liquid on its initial temperature and droplet size have been formulated. | ||
| 461 | |t Journal of Engineering Physics and Thermophysics |d 1965- | ||
| 463 | |t Vol. 87, iss. 9 |v [P. 450-458] |d 2014 | ||
| 610 | 1 | |a электронный ресурс | |
| 610 | 1 | |a труды учёных ТПУ | |
| 610 | 1 | |a высокотемпературные газы | |
| 610 | 1 | |a пламя | |
| 610 | 1 | |a продукты сгорания | |
| 610 | 1 | |a капли | |
| 610 | 1 | |a испарения | |
| 700 | 1 | |a Volkov |b R. S. |c specialist in the field of power engineering |c Associate Professor of the Tomsk Polytechnic University, candidate of technical Sciences |f 1987- |g Roman Sergeevich |3 (RuTPU)RU\TPU\pers\33926 |9 17499 | |
| 701 | 1 | |a Kuznetsov |b G. V. |c Specialist in the field of heat power energy |c Professor of Tomsk Polytechnic University, Doctor of Physical and Mathematical Sciences |f 1949- |g Geny Vladimirovich |3 (RuTPU)RU\TPU\pers\31891 |9 15963 | |
| 701 | 1 | |a Strizhak |b P. A. |c Specialist in the field of heat power energy |c Doctor of Physical and Mathematical Sciences (DSc), Professor of Tomsk Polytechnic University (TPU) |f 1985- |g Pavel Alexandrovich |3 (RuTPU)RU\TPU\pers\30871 |9 15117 | |
| 712 | 0 | 2 | |a Национальный исследовательский Томский политехнический университет |b Энергетический институт |b Кафедра теоретической и промышленной теплотехники |3 (RuTPU)RU\TPU\col\18679 |9 27132 |
| 801 | 2 | |a RU |b 63413507 |c 20160708 |g RCR | |
| 856 | 4 | |u http://dx.doi.org/10.1007/s10891-014-1031-3 | |
| 942 | |c CF | ||